000 00529nam a22001817a 4500
003 BD-RjUL
005 20250710124717.0
008 250710s1963 b ||||| |||| 00| 0 urd d
035 _a(BD-RjUL)
040 _aBD-RjUL
_beng
_cBD-RjUL
041 _aurd
082 _223
_a891.4393
_bISA 1963
245 _aاسیبی گھر ;; Asibi Ghar /
_cابو اسحاق ;; Abu Ishaq
260 _aDhaka :
_bبنگلہ اکیڈمی ;; Bangla Akademy,
_c1963
300 _a15 p. ;
_c22 cm
650 _aurdu
_vfiction
_95150
942 _2ddc
_cBK
999 _c85174
_d85174